[Event "21st 4NCL Congress"]
[Site "Harrogate"]
[Date "2019.01.18"]
[Round "1"]
[Board "1"]
[White "Burnett, Jim"]
[Black "Gormally, Daniel W"]
[Result "0-1"]
[WhiteElo "1991"]
[BlackElo "2481"]
[PlyCount "60"]
[EventDate "2019.01.18"]
[EventRounds "5"]
[EventCountry "ENG"]

1. d4 Nf6 2. c4 g6 3. g3 Bg7 4. Bg2 O-O 5. Nc3 d6 6. Nf3 Nbd7 7. O-O e5 8. e4
c6 9. h3 Qa5 10. Re1 exd4 11. Nxd4 Ne5 12. Bf1 Qb6 13. Nb3 Be6 14. Be3 c5 15.
Nd5 Bxd5 16. exd5 Rfe8 17. Kg2 Re7 18. Qc2 Rae8 19. Rad1 Ned7 20. Bd2 Ne4 21.
Bc1 Qd8 22. Bd3 Nef6 23. Rxe7 Rxe7 24. Bd2 Ne5 25. Bf1 b5 26. Ba5 Qa8 27. f4
Nxc4 28. Bxc4 bxc4 29. Qxc4 Re4 30. Qc2 Ra4  0-1

[Event "21st 4NCL Congress"]
[Site "Harrogate"]
[Date "2019.01.18"]
[Round "1"]
[Board "2"]
[White "Arkell, Keith C"]
[Black "Wells, Jonathan C"]
[Result "1-0"]
[WhiteElo "2460"]
[BlackElo "1978"]
[PlyCount "87"]
[EventDate "2019.01.18"]
[EventRounds "5"]
[EventCountry "ENG"]

1. Nf3 c5 2. b3 Nc6 3. Bb2 Nf6 4. c4 e6 5. e3 Be7 6. Be2 O-O 7. O-O d5 8. cxd5
Nxd5 9. Nc3 b6 10. Nxd5 Qxd5 11. d3 Bb7 12. Qc2 Rfd8 13. Rfd1 Rac8 14. Qc4 Qxc4
15. bxc4 h6 16. Bc3 f5 17. Ne5 Nxe5 18. Bxe5 Kf7 19. a4 Bf6 20. Bxf6 Kxf6 21.
a5 Rd6 22. axb6 axb6 23. Ra7 Rb8 24. Rb1 e5 25. Kf1 g5 26. g3 Ke6 27. Ke1 Kd7
28. Kd2 Kc7 29. Rba1 Rdd8 30. Kc3 Ra8 31. Bf3 Rxa7 32. Rxa7 Rb8 33. Bd5 f4 34.
exf4 exf4 35. gxf4 gxf4 36. d4 Kc8 37. Bxb7+ Rxb7 38. Rxb7 cxd4+ 39. Kxd4 Kxb7
40. Ke4 Kc6 41. Kxf4 Kc5 42. Ke5 Kxc4 43. f4 b5 44. f5  1-0

[Event "21st 4NCL Congress"]
[Site "Harrogate"]
[Date "2019.01.18"]
[Round "1"]
[Board "3"]
[White "Cusick, Peter W"]
[Black "Merry, Alan B"]
[Result "0-1"]
[WhiteElo "1969"]
[BlackElo "2434"]
[PlyCount "92"]
[EventDate "2019.01.18"]
[EventRounds "5"]
[EventCountry "ENG"]

1. d4 e6 2. c4 c5 3. d5 exd5 4. cxd5 g6 5. Nc3 Bg7 6. e4 d6 7. Nf3 a6 8. a4 Bg4
9. Be2 Bxf3 10. Bxf3 Nf6 11. O-O O-O 12. Bf4 Qe7 13. Qd2 Nbd7 14. Rae1 Rfe8 15.
Bd1 Rab8 16. Bg5 b5 17. axb5 axb5 18. b3 b4 19. Na4 Nxe4 20. Bxe7 Nxd2 21. Bxd6
Nxf1 22. Rxf1 Rbc8 23. Bg4 f5 24. Bf3 Be5 25. Bxe5 Nxe5 26. Be2 Nf7 27. Bb5 Re5
28. Rc1 Rb8 29. Bc6 c4 30. bxc4 b3 31. Kf1 Nd6 32. Nb2 Ne4 33. f3 Nc5 34. Re1
Rxe1+ 35. Kxe1 Kf8 36. Kd2 Ke7 37. Kc3 Kd6 38. f4 Rb6 39. Ba4 Ra6 40. Bb5 Ra1
41. Kb4 Rb1 42. Ka3 Rg1 43. g3 Rg2 44. Ba4 Rxh2 45. Bxb3 Rg2 46. Na4 Rxg3  0-1

[Event "21st 4NCL Congress"]
[Site "Harrogate"]
[Date "2019.01.18"]
[Round "1"]
[Board "5"]
[White "De Coverly, Roger D"]
[Black "Wall, Tim P"]
[Result "0-1"]
[WhiteElo "1938"]
[BlackElo "2240"]
[PlyCount "58"]
[EventDate "2019.01.18"]
[EventRounds "5"]
[EventCountry "ENG"]

1. e4 c5 2. Nf3 Nc6 3. g3 g6 4. Bg2 Bg7 5. O-O d6 6. c3 e5 7. d3 Nge7 8. a3 O-O
9. b4 h6 10. Be3 b6 11. b5 Na5 12. Nfd2 Be6 13. c4 f5 14. exf5 gxf5 15. Nb3
Nxb3 16. Qxb3 d5 17. Ra2 f4 18. Bc1 f3 19. Bh1 Nf5 20. Be3 e4 21. dxe4 dxc4 22.
Qd1 Qxd1 23. Rxd1 c3 24. Rc2 Nxe3 25. fxe3 Bb3 26. Rdc1 Bxc2 27. Rxc2 Rad8 28.
Nxc3 Bxc3 29. Rxc3 f2+  0-1

[Event "21st 4NCL Congress"]
[Site "Harrogate"]
[Date "2019.01.18"]
[Round "1"]
[Board "6"]
[White "Sumit, Kumar"]
[Black "Garnett, John S"]
[Result "1-0"]
[WhiteElo "2219"]
[BlackElo "1914"]
[PlyCount "53"]
[EventDate "2019.01.18"]
[EventRounds "5"]
[EventCountry "ENG"]

1. e4 d5 2. exd5 Nf6 3. d4 Bg4 4. Bb5+ Nbd7 5. f3 Bf5 6. c4 a6 7. Ba4 b5 8.
cxb5 Nxd5 9. Nc3 e6 10. Nge2 Bd6 11. Nxd5 exd5 12. O-O O-O 13. bxa6 Rxa6 14.
Bc2 Bxc2 15. Qxc2 Re8 16. Bf4 Bxf4 17. Nxf4 Qf6 18. Qd2 c6 19. Rfe1 Rea8 20. b3
g5 21. Nh5 Qg6 22. g4 Nf8 23. Re5 Ne6 24. Rf5 h6 25. Rf6 Qh7 26. Rxe6 Rxa2 27.
Qxa2  1-0

[Event "21st 4NCL Congress"]
[Site "Harrogate"]
[Date "2019.01.18"]
[Round "1"]
[Board "7"]
[White "Hymer, Barry J"]
[Black "Willow, Jonah B"]
[Result "0-1"]
[WhiteElo "1886"]
[BlackElo "2218"]
[PlyCount "58"]
[EventDate "2019.01.18"]
[EventRounds "5"]
[EventCountry "ENG"]

1. d4 Nf6 2. Nf3 e6 3. Bg5 c5 4. c3 Be7 5. Nbd2 d5 6. e3 O-O 7. Bd3 b6 8. Ne5
Nfd7 9. Bf4 Nxe5 10. dxe5 Ba6 11. c4 Nc6 12. a3 dxc4 13. Nxc4 b5 14. Nd6 Qa5+
15. b4 cxb4 16. O-O bxa3 17. Qg4 Bxd6 18. exd6 Qc3 19. Bxh7+ Kxh7 20. Rac1 Qa5
21. Qh5+ Kg8 22. Rxc6 Rac8 23. Rxc8 Bxc8 24. Qd1 b4 25. d7 Ba6 26. Bd6 Rd8 27.
Be7 Bxf1 28. Bxd8 Qxd8 29. Kxf1 a2  0-1

[Event "21st 4NCL Congress"]
[Site "Harrogate"]
[Date "2019.01.18"]
[Round "1"]
[Board "8"]
[White "Quader, Zia Mohammed"]
[Black "Dobson, Graham W"]
[Result "1-0"]
[WhiteElo "2160"]
[BlackElo "1867"]
[PlyCount "71"]
[EventDate "2019.01.18"]
[EventRounds "5"]
[EventCountry "ENG"]

1. e4 c6 2. d4 d5 3. Nc3 dxe4 4. Nxe4 Nf6 5. Nxf6+ exf6 6. Bc4 Bf5 7. Bf4 Nd7
8. Ne2 Nb6 9. Bb3 Bd6 10. Qd2 O-O 11. O-O Re8 12. Ng3 Bg6 13. c4 Bxf4 14. Qxf4
Bd3 15. Rfc1 Qd7 16. Rc3 Bg6 17. h4 h6 18. Bc2 Rad8 19. Rd1 Bxc2 20. Rxc2 Qe6
21. b3 g5 22. Qf3 Nc8 23. Re2 Qd6 24. Ne4 Rxe4 25. Qxe4 Kg7 26. g3 Rd7 27. hxg5
hxg5 28. Qg4 Re7 29. Rxe7 Nxe7 30. f4 Ng6 31. fxg5 fxg5 32. Qxg5 Qe6 33. d5
cxd5 34. cxd5 Qe2 35. Qd2 Qg4 36. Qd4+  1-0

[Event "21st 4NCL Congress"]
[Site "Harrogate"]
[Date "2019.01.18"]
[Round "1"]
[Board "9"]
[White "Bennett, Eric"]
[Black "Jarmany, John"]
[Result "0-1"]
[WhiteElo "1845"]
[BlackElo "2109"]
[PlyCount "116"]
[EventDate "2019.01.18"]
[EventRounds "5"]
[EventCountry "ENG"]

1. f4 d5 2. Nf3 Nc6 3. e3 Bg4 4. d4 f6 5. c4 e6 6. Nc3 Bb4 7. Be2 Nge7 8. a3
Bxc3+ 9. bxc3 O-O 10. O-O Kh8 11. a4 Na5 12. Ba3 Re8 13. Bxe7 Qxe7 14. Nd2 Bxe2
15. Qxe2 c5 16. e4 cxd4 17. cxd4 dxe4 18. Qxe4 Qb4 19. Qc2 Rad8 20. Rab1 Qd6
21. Nf3 Qxf4 22. Kh1 Qc7 23. c5 Nc6 24. Qb2 Re7 25. Rfe1 Qf4 26. Rbd1 Qf5 27.
Qb5 Qd5 28. h3 Qd7 29. Qc4 Qd5 30. Qb5 Rdd7 31. Kh2 Qf5 32. Qb3 Qf4+ 33. Kh1
Qf5 34. Kh2 g5 35. Kg1 h5 36. Rf1 Qg6 37. d5 exd5 38. Rxd5 Qf7 39. Rfd1 Nb4 40.
Nxg5 Qg8 41. Qxb4 Rxd5 42. Rxd5 Qxd5 43. Nf3 Rc7 44. Qf4 Qxc5+ 45. Kh2 Kg7 46.
Qg3+ Kf7 47. Qf4 Rd7 48. Qh6 Qc7+ 49. Kh1 Rd1+ 50. Ng1 Qc1 51. Qxh5+ Kg7 52.
Qg4+ Kf8 53. Qb4+ Ke8 54. Qb5+ Kd8 55. Qa5+ b6 56. Qxa7 Rxg1+ 57. Kh2 Rh1+ 58.
Kg3 Qc7+  0-1

[Event "21st 4NCL Congress"]
[Site "Harrogate"]
[Date "2019.01.18"]
[Round "1"]
[Board "10"]
[White "Surtees, Mike J"]
[Black "Scott, Luke"]
[Result "1-0"]
[WhiteElo "2105"]
[BlackElo "1837"]
[PlyCount "65"]
[EventDate "2019.01.18"]
[EventRounds "5"]
[EventCountry "ENG"]

1. e4 e6 2. a3 d5 3. e5 c5 4. b4 cxb4 5. axb4 Bxb4 6. c3 Be7 7. d4 Nc6 8. Bd3
Bd7 9. f4 a6 10. Nf3 Nh6 11. O-O Nf5 12. g4 Nh6 13. Ng5 Qb6 14. Kh1 O-O-O 15.
h3 g6 16. Nd2 f5 17. exf6 Bxf6 18. Nb3 Be7 19. Rb1 Qc7 20. Qe2 Rhf8 21. Bd2
Bxg5 22. fxg5 Qg3 23. Qe3 Qxe3 24. Bxe3 Nf7 25. Nc5 Na5 26. Bf4 e5 27. dxe5 d4
28. Be4 Bc6 29. Bxc6 Nxc6 30. Ne6 dxc3 31. Nxf8 Rxf8 32. Bg3 Kd7 33. Rxb7+  1-0

[Event "21st 4NCL Congress"]
[Site "Harrogate"]
[Date "2019.01.18"]
[Round "1"]
[Board "11"]
[White "Ther, Mate"]
[Black "Shaw, Peter"]
[Result "1-0"]
[WhiteElo "1806"]
[BlackElo "2089"]
[PlyCount "69"]
[EventDate "2019.01.18"]
[EventRounds "5"]
[EventCountry "ENG"]

1. e4 c5 2. Nf3 e6 3. d4 cxd4 4. Nxd4 Nc6 5. c4 Nf6 6. Nc3 Bb4 7. Nxc6 bxc6 8.
e5 Ne4 9. Qg4 Nxc3 10. a3 Qa5 11. Qxg7 Rf8 12. Bd3 Ba6 13. axb4 Qxa1 14. O-O
O-O-O 15. bxc3 Qxc3 16. b5 Qxd3 17. bxa6 Rg8 18. Qxf7 Rdf8 19. Qe7 Qe4 20. g3
Qxe5 21. Rd1 Qc7 22. Qxh7 d5 23. Qh6 Qf7 24. Qe3 Rg6 25. Qc5 e5 26. cxd5 Rd8
27. d6 Qf3 28. Rd3 Qe4 29. Qxa7 Qe1+ 30. Kg2 Qe4+ 31. Rf3 Rdxd6 32. Qb7+ Kd8
33. a7 Ke8 34. a8=Q+ Rd8 35. Qf7#  1-0

[Event "21st 4NCL Congress"]
[Site "Harrogate"]
[Date "2019.01.18"]
[Round "1"]
[Board "12"]
[White "Palucha, Szymon"]
[Black "Funnell, Cameron"]
[Result "1-0"]
[WhiteElo "2010"]
[BlackElo "1637"]
[PlyCount "69"]
[EventDate "2019.01.18"]
[EventRounds "5"]
[EventCountry "ENG"]

1. e4 c5 2. Nf3 d6 3. d4 cxd4 4. Nxd4 Nf6 5. Nc3 a6 6. f3 e5 7. Nb3 Be6 8. Be3
Be7 9. Qd2 d5 10. exd5 Nxd5 11. Nxd5 Qxd5 12. Qxd5 Bxd5 13. O-O-O Bxb3 14. axb3
Nc6 15. Bc4 b5 16. Bd5 Rc8 17. c3 h6 18. Kb1 Bg5 19. Bb6 O-O 20. b4 Rfe8 21.
Rhe1 Ne7 22. Be4 g6 23. Rd7 f5 24. Bb7 Rb8 25. Rxe5 Kf8 26. Bc5 Rbd8 27. Rexe7
Bxe7 28. Bxe7+ Rxe7 29. Rxd8+ Kg7 30. Bxa6 Re2 31. Bxb5 Rxg2 32. Bc6 Rxh2 33.
b5 h5 34. b6 h4 35. b7  1-0

[Event "21st 4NCL Congress"]
[Site "Harrogate"]
[Date "2019.01.19"]
[Round "2"]
[Board "1"]
[White "Gormally, Daniel W"]
[Black "Quader, Zia Mohammed"]
[Result "1-0"]
[WhiteElo "2481"]
[BlackElo "2160"]
[PlyCount "73"]
[EventDate "2019.01.18"]
[EventRounds "5"]
[EventCountry "ENG"]

1. e4 c5 2. Nf3 d6 3. c3 Nf6 4. h3 g6 5. Bd3 Bg7 6. O-O O-O 7. Bc2 Nc6 8. d4
cxd4 9. cxd4 Nb4 10. Bb3 d5 11. e5 Ne8 12. Nc3 Nc7 13. Be3 Bf5 14. Qd2 Bd3 15.
Rfe1 Ba6 16. Na4 Nd3 17. Red1 b5 18. Nc3 Nb4 19. Rac1 Qd7 20. Ne2 Nc6 21. Nf4
Bb7 22. Rc5 e6 23. Nd3 a5 24. a4 b4 25. Bh6 Rfc8 26. Bxg7 Kxg7 27. Rcc1 Na6 28.
Qf4 Qe7 29. Nh2 h5 30. Nf3 Na7 31. Qg3 Rxc1 32. Rxc1 Rc8 33. Rxc8 Nxc8 34. Nf4
Kh6 35. Bc2 g5 36. h4 gxf4 37. Qg8  1-0

[Event "21st 4NCL Congress"]
[Site "Harrogate"]
[Date "2019.01.19"]
[Round "2"]
[Board "2"]
[White "Merry, Alan B"]
[Black "Surtees, Mike J"]
[Result "1-0"]
[WhiteElo "2434"]
[BlackElo "2105"]
[PlyCount "77"]
[EventDate "2019.01.18"]
[EventRounds "5"]
[EventCountry "ENG"]

1. c4 e6 2. Nc3 Bb4 3. Qc2 c5 4. a3 Ba5 5. Nf3 Nc6 6. g3 d6 7. Bg2 f5 8. O-O
Nf6 9. Rd1 O-O 10. d4 Bxc3 11. Qxc3 Ne4 12. Qe1 Qe7 13. b4 Nxd4 14. Nxd4 cxd4
15. Rxd4 e5 16. Rd1 Be6 17. f3 Nf6 18. Qc3 Qc7 19. c5 dxc5 20. Bb2 Rfe8 21.
Rac1 Rac8 22. bxc5 Bd5 23. Bh3 g6 24. e4 fxe4 25. Bxc8 Qxc8 26. f4 Qh3 27. fxe5
Ng4 28. Qd2 Bc6 29. Bd4 e3 30. Qa2+ Kg7 31. Rf1 Rd8 32. Rcd1 Bd5 33. e6+ Kh6
34. Qe2 g5 35. e7 Re8 36. Bg7+ Kxg7 37. Rxd5 Rxe7 38. Rxg5+ Kh6 39. Rxg4  1-0

[Event "21st 4NCL Congress"]
[Site "Harrogate"]
[Date "2019.01.19"]
[Round "2"]
[Board "3"]
[White "Jarmany, John"]
[Black "Wells, Peter K"]
[Result "0-1"]
[WhiteElo "2109"]
[BlackElo "2405"]
[PlyCount "74"]
[EventDate "2019.01.18"]
[EventRounds "5"]
[EventCountry "ENG"]

1. d4 Nf6 2. c4 e6 3. Nc3 Bb4 4. Qc2 O-O 5. Nf3 d5 6. cxd5 exd5 7. Bg5 h6 8.
Bh4 c5 9. dxc5 g5 10. Bg3 Ne4 11. e3 Nd7 12. Be2 Ndxc5 13. Nd4 Qe7 14. O-O Bxc3
15. bxc3 f5 16. Qc1 Bd7 17. f3 Nxg3 18. hxg3 Rae8 19. Kf2 f4 20. exf4 gxf4 21.
gxf4 Qh4+ 22. Kg1 Rxf4 23. Qe1 Qg5 24. Rd1 Rh4 25. f4 Rxf4 26. Nf3 Qg7 27. Qd2
Rg4 28. Ne1 Rg5 29. Bf3 Bc6 30. Qf4 Na4 31. c4 Nc3 32. Qd6 Nxd1 33. Bxd1 Qd4+
34. Kh2 Qxd1 35. Rf6 Qh5+ 36. Kg1 Rxe1+ 37. Kf2 Qe2#  0-1

[Event "21st 4NCL Congress"]
[Site "Harrogate"]
[Date "2019.01.19"]
[Round "2"]
[Board "4"]
[White "Wall, Tim P"]
[Black "Palucha, Szymon"]
[Result "1-0"]
[WhiteElo "2240"]
[BlackElo "2010"]
[PlyCount "88"]
[EventDate "2019.01.18"]
[EventRounds "5"]
[EventCountry "ENG"]

1. e4 c5 2. Nf3 d6 3. Bb5+ Nd7 4. c3 Ngf6 5. Qe2 a6 6. Ba4 b5 7. Bc2 e5 8. O-O
Be7 9. d4 O-O 10. h3 Re8 11. Nbd2 Bf8 12. d5 g6 13. a4 Rb8 14. axb5 axb5 15.
Nb3 Qc7 16. Na5 Ra8 17. b4 c4 18. Bg5 Bg7 19. Nh2 Nb6 20. Qf3 Nh5 21. Ng4 Bxg4
22. Qxg4 h6 23. Be3 Nf4 24. Qd1 Ra6 25. Kh2 Rea8 26. g3 Nh5 27. Qd2 Kh7 28. f4
Nd7 29. f5 g5 30. Kg2 Rg8 31. Nc6 Rga8 32. Ra5 Rxa5 33. bxa5 Nb8 34. Bb6 Qb7
35. Nxb8 Rxb8 36. Rb1 Qa6 37. f6 Nxf6 38. Qf2 Kg8 39. Qf5 Rb7 40. Qc8+ Bf8 41.
Bf2 Nd7 42. Qc6 Nb8 43. Qc8 Nd7 44. Ba4 Rb8  1-0

[Event "21st 4NCL Congress"]
[Site "Harrogate"]
[Date "2019.01.19"]
[Round "2"]
[Board "5"]
[White "McQuillan, Stephen G"]
[Black "Sumit, Kumar"]
[Result "0-1"]
[WhiteElo "1986"]
[BlackElo "2219"]
[PlyCount "62"]
[EventDate "2019.01.18"]
[EventRounds "5"]
[EventCountry "ENG"]

1. d4 Nf6 2. Bf4 d5 3. e3 c5 4. c3 Nc6 5. Nd2 cxd4 6. exd4 Bf5 7. Qb3 Qc8 8.
Be2 e6 9. h3 Be7 10. g4 Bg6 11. Ngf3 h6 12. Ne5 Nxe5 13. Bxe5 O-O 14. h4 Nd7
15. Bg3 f6 16. f4 Bd6 17. O-O-O b5 18. f5 Bxg3 19. fxg6 Qc7 20. Rdf1 Rab8 21.
Kb1 Bf4 22. Nf3 a5 23. Ne1 b4 24. Rh3 Rfc8 25. c4 dxc4 26. Bxc4 a4 27. Qf3 Qxc4
28. Qxf4 Qe2 29. Nd3 Qc2+ 30. Ka1 a3 31. Qf2 axb2+  0-1

[Event "21st 4NCL Congress"]
[Site "Harrogate"]
[Date "2019.01.19"]
[Round "2"]
[Board "6"]
[White "Willow, Jonah B"]
[Black "Ther, Mate"]
[Result "1-0"]
[WhiteElo "2218"]
[BlackElo "1806"]
[PlyCount "47"]
[EventDate "2019.01.18"]
[EventRounds "5"]
[EventCountry "ENG"]

1. Nc3 e5 2. Nf3 Nc6 3. d4 exd4 4. Nxd4 Bc5 5. Nf5 Qf6 6. e4 Nge7 7. Ne3 O-O 8.
Bd3 Ne5 9. Be2 d6 10. O-O N7g6 11. Ncd5 Qd8 12. b4 Bb6 13. f4 Nc6 14. f5 Nge5
15. f6 g6 16. Qe1 Nd4 17. Bd1 Kh8 18. Qh4 c6 19. Ne7 Qd7 20. Qh6 Ne6 21. Rf4 g5
22. Rf5 Ng6 23. Rxg5 Bd4 24. Qxh7+  1-0

[Event "21st 4NCL Congress"]
[Site "Harrogate"]
[Date "2019.01.19"]
[Round "2"]
[Board "7"]
[White "Gardiner, Eric D"]
[Black "Starley, Robert"]
[Result "1/2-1/2"]
[WhiteElo "1926"]
[BlackElo "2093"]
[PlyCount "98"]
[EventDate "2019.01.18"]
[EventRounds "5"]
[EventCountry "ENG"]

1. d4 Nf6 2. Bg5 d5 3. Bxf6 exf6 4. e3 Be6 5. g3 c6 6. Bg2 Nd7 7. Ne2 Qb6 8. b3
Bd6 9. Nd2 f5 10. O-O O-O 11. c4 Qa5 12. c5 Be7 13. a3 b6 14. b4 Qa6 15. Nb3
Rab8 16. Qc2 Rfc8 17. Nf4 Bf6 18. Nd3 Qc4 19. Rfc1 g6 20. Bf1 Qxc2 21. Rxc2 Ra8
22. Rac1 Kg7 23. a4 Be7 24. b5 bxc5 25. Ndxc5 Nxc5 26. Nxc5 Bxc5 27. Rxc5 cxb5
28. Bxb5 Rab8 29. Kf1 Kf6 30. Ke2 Rxc5 31. Rxc5 Rc8 32. Kd3 Ke7 33. Kc3 Kd6 34.
Rxc8 Bxc8 35. Kb4 Bb7 36. h4 h6 37. Bd3 Bc8 38. Bc2 Ba6 39. Bd1 Kc6 40. Bf3 Bb7
41. Be2 Kb6 42. Bb5 a5+ 43. Kb3 Bc8 44. Be8 Be6 45. Kc3 Kc7 46. Kd3 Kd8 47. Bc6
Kc7 48. Be8 Kd8 49. Bc6 Kc7  1/2-1/2

[Event "21st 4NCL Congress"]
[Site "Harrogate"]
[Date "2019.01.19"]
[Round "2"]
[Board "8"]
[White "Wynarczyk, Raymond"]
[Black "Nicholson, Jim Wr"]
[Result "1/2-1/2"]
[WhiteElo "1894"]
[BlackElo "1991"]
[PlyCount "64"]
[EventDate "2019.01.18"]
[EventRounds "5"]
[EventCountry "ENG"]

1. e4 c6 2. d4 d5 3. Nc3 dxe4 4. Nxe4 Bf5 5. Ng3 Bg6 6. N1e2 e6 7. h4 h6 8. Nf4
Bh7 9. c3 Nf6 10. Bd3 Bxd3 11. Qxd3 Bd6 12. Ne4 Nxe4 13. Qxe4 Nd7 14. Rh3 Nf6
15. Qf3 Qe7 16. Nd3 O-O-O 17. Bf4 Bxf4 18. Qxf4 g5 19. Qe3 g4 20. Rh1 Nd5 21.
Qd2 h5 22. O-O-O Qf6 23. Ne5 Nf4 24. g3 Ng6 25. Nxg6 Qxg6 26. Rhe1 Rd5 27. Re5
Qh6 28. Rde1 Kd7 29. Rxd5+ cxd5 30. Re5 Qxd2+ 31. Kxd2 f6 32. Re3 Rg8  1/2-1/2

[Event "21st 4NCL Congress"]
[Site "Harrogate"]
[Date "2019.01.19"]
[Round "2"]
[Board "9"]
[White "Middleton, Tom"]
[Black "Holliday, John K"]
[Result "1-0"]
[WhiteElo "1970"]
[BlackElo "1878"]
[PlyCount "61"]
[EventDate "2019.01.18"]
[EventRounds "5"]
[EventCountry "ENG"]

1. e4 d5 2. exd5 Nf6 3. Nf3 Nxd5 4. d4 Bg4 5. Be2 e6 6. O-O Bd6 7. h3 Bh5 8.
Ne5 Bxe2 9. Qxe2 Nd7 10. c4 N5f6 11. Nc3 c6 12. f4 Qe7 13. Be3 O-O 14. Rad1 Bb4
15. Nxd7 Qxd7 16. Bf2 Bxc3 17. bxc3 Qc7 18. Bh4 Ne8 19. f5 Qd7 20. d5 cxd5 21.
cxd5 exd5 22. Be7 Nc7 23. Bxf8 Kxf8 24. Qh5 h6 25. f6 Qc6 26. fxg7+ Kxg7 27.
Qxf7+ Kh8 28. Rf6 Qc5+ 29. Kh1 Qe3 30. Qxc7 Rg8 31. Qd6  1-0

[Event "21st 4NCL Congress"]
[Site "Harrogate"]
[Date "2019.01.19"]
[Round "2"]
[Board "10"]
[White "Vickery, Jim E"]
[Black "Somton, Anita"]
[Result "1/2-1/2"]
[WhiteElo "1965"]
[BlackElo "1816"]
[PlyCount "38"]
[EventDate "2019.01.18"]
[EventRounds "5"]
[EventCountry "ENG"]

1. d4 d5 2. Nf3 Nf6 3. c4 e6 4. Nc3 Be7 5. Bg5 Nbd7 6. e3 O-O 7. cxd5 Nxd5 8.
Bxe7 Qxe7 9. Rc1 N7f6 10. Bd3 Rd8 11. O-O b6 12. Nxd5 Nxd5 13. a3 h6 14. Qe2 a5
15. Bb5 Bb7 16. Bc6 Ba6 17. Bb5 Bb7 18. Bc6 Ba6 19. Bb5 Bb7  1/2-1/2

[Event "21st 4NCL Congress"]
[Site "Harrogate"]
[Date "2019.01.19"]
[Round "2"]
[Board "11"]
[White "Winter, Kevin"]
[Black "Webster, Richard J"]
[Result "0-1"]
[WhiteElo "1746"]
[BlackElo "1953"]
[PlyCount "114"]
[EventDate "2019.01.18"]
[EventRounds "5"]
[EventCountry "ENG"]

1. e4 e6 2. d4 d5 3. Nd2 c5 4. exd5 Qxd5 5. Ngf3 cxd4 6. Bc4 Qd6 7. O-O Nf6 8.
Bb5+ Bd7 9. Bxd7+ Qxd7 10. Nb3 Nc6 11. Qe2 d3 12. cxd3 Be7 13. d4 O-O 14. Bg5
Nd5 15. Bxe7 Qxe7 16. Rfd1 Rac8 17. Rac1 Rc7 18. a3 Rfc8 19. g3 Qf6 20. Kg2 Qg6
21. Qd2 Nce7 22. Rxc7 Rxc7 23. Rc1 Rxc1 24. Nxc1 Nf5 25. Ne2 Nd6 26. Qa5 Ne8
27. Qd2 Qf6 28. Qa5 a6 29. Ne5 Qe7 30. Nc3 Qc7 31. Qxc7 Nexc7 32. Nxd5 Nxd5 33.
Nc4 Kf8 34. Kf3 Ke7 35. Ke4 Nf6+ 36. Kf4 h6 37. h4 g5+ 38. hxg5 hxg5+ 39. Ke3
b5 40. Ne5 Nd5+ 41. Kd3 f6 42. Nc6+ Kd6 43. Na5 Nc7 44. Nb7+ Kd5 45. Nc5 g4 46.
Nd7 f5 47. Nf6+ Kd6 48. Nh5 Nd5 49. Nf4 Nxf4+ 50. gxf4 a5 51. Kc3 Kd5 52. Kd3
a4 53. Kc3 Ke4 54. Kb4 Kxf4 55. Kxb5 Kf3 56. Kc5 Kxf2 57. Kd6 Ke3  0-1

[Event "21st 4NCL Congress"]
[Site "Harrogate"]
[Date "2019.01.19"]
[Round "2"]
[Board "12"]
[White "Doran, Chris"]
[Black "Sheppard, Derek A"]
[Result "1-0"]
[WhiteElo "1950"]
[BlackElo "1720"]
[PlyCount "65"]
[EventDate "2019.01.18"]
[EventRounds "5"]
[EventCountry "ENG"]

1. e4 c6 2. d4 d5 3. e5 Bf5 4. h4 h5 5. c4 e6 6. Nc3 Ne7 7. Bg5 Nd7 8. cxd5
exd5 9. Bd3 Bxd3 10. Qxd3 Qa5 11. Nge2 O-O-O 12. O-O f6 13. exf6 gxf6 14. Bf4
Bh6 15. Bd6 Rde8 16. b4 Qd8 17. Nf4 Bxf4 18. Bxf4 Rhg8 19. Rfc1 Rg4 20. Bg3
Reg8 21. Nb5 Rxg3 22. fxg3 Kb8 23. Nc3 Qc7 24. Ne2 f5 25. b5 Qd6 26. bxc6 Nxc6
27. Qxf5 Qe7 28. Qf4+ Ka8 29. Nc3 Rf8 30. Nxd5 Rxf4 31. Nxe7 Rxd4 32. Nxc6 bxc6
33. Rxc6  1-0

[Event "21st 4NCL Congress"]
[Site "Harrogate"]
[Date "2019.01.19"]
[Round "2"]
[Board "13"]
[White "Shaw, Peter"]
[Black "Simpson, Derek"]
[Result "1-0"]
[WhiteElo "2089"]
[BlackElo "1679"]
[PlyCount "75"]
[EventDate "2019.01.18"]
[EventRounds "5"]
[EventCountry "ENG"]

1. d4 Nf6 2. c4 d6 3. Nc3 Nbd7 4. e4 e5 5. Nf3 Be7 6. g3 O-O 7. Bg2 c6 8. O-O
Ne8 9. Be3 g6 10. Qd2 Ng7 11. Rad1 a6 12. a3 Nb6 13. Qe2 Qc7 14. dxe5 dxe5 15.
Nxe5 Be6 16. c5 Qxe5 17. cxb6 Qa5 18. Qc2 Rfd8 19. Rxd8+ Rxd8 20. Rd1 Ne8 21.
Na4 Rxd1+ 22. Qxd1 Nf6 23. b4 Qh5 24. Qxh5 Nxh5 25. e5 Bd7 26. Bc5 Bd8 27. Bf1
Bc8 28. Nc3 Ng7 29. Ne4 Ne8 30. a4 Kg7 31. a5 f5 32. Nc3 Kh6 33. Na4 g5 34.
Bf8+ Kg6 35. Bc4 Ng7 36. Nc5 h5 37. Bxg7 Kxg7 38. Be6  1-0

[Event "21st 4NCL Congress"]
[Site "Harrogate"]
[Date "2019.01.19"]
[Round "2"]
[Board "14"]
[White "Dobson, Graham W"]
[Black "Burnett, Jim"]
[Result "0-1"]
[WhiteElo "1867"]
[BlackElo "1991"]
[PlyCount "134"]
[EventDate "2019.01.18"]
[EventRounds "5"]
[EventCountry "ENG"]

1. e4 e6 2. d4 d5 3. exd5 exd5 4. Nf3 Bd6 5. Bd3 Ne7 6. c3 O-O 7. Qc2 h6 8. Be3
Nbc6 9. Nbd2 Bg4 10. h3 Bh5 11. O-O-O Bg6 12. Nh4 Bxd3 13. Qxd3 Qd7 14. f4 f5
15. Ndf3 Nd8 16. Ne5 Bxe5 17. dxe5 Ne6 18. g4 g6 19. gxf5 gxf5 20. Rhg1+ Kh7
21. Kb1 Qe8 22. Qe2 Qf7 23. Rg3 a6 24. Rdg1 Rg8 25. Rxg8 Rxg8 26. Rxg8 Nxg8 27.
Qf3 Ne7 28. Kc2 Qe8 29. b3 Qf7 30. Kd2 Kg7 31. Qg3+ Kf8 32. Ke1 Ke8 33. Kf2 Kd7
34. Nf3 c5 35. Qh4 Ng8 36. Qg3 Kc6 37. Ke2 Qg7 38. Kf2 Qxg3+ 39. Kxg3 Ne7 40.
Kh4 Ng7 41. Kg3 Ng6 42. Ne1 Ne6 43. Nf3 a5 44. Nh4 Ne7 45. Nf3 b5 46. Kh4 Ng7
47. Kg3 b4 48. cxb4 axb4 49. Bd2 d4 50. Ne1 Nd5 51. Kf3 Nc3 52. Bxc3 dxc3 53.
Ke3 Ne6 54. Nd3 Kb5 55. Nc1 Nc7 56. Kd3 Nd5 57. Ne2 Kc6 58. Kc4 c2 59. Nc1 Nxf4
60. h4 Ng6 61. Kd3 Nxh4 62. Kxc2 Nf3 63. Nd3 Kd5 64. e6 Nd4+ 65. Kd2 Nxe6 66.
Ke3 h5 67. Kf3 Kd4  0-1

[Event "21st 4NCL Congress"]
[Site "Harrogate"]
[Date "2019.01.19"]
[Round "2"]
[Board "15"]
[White "Wells, Jonathan C"]
[Black "Hymer, Barry J"]
[Result "1/2-1/2"]
[WhiteElo "1978"]
[BlackElo "1886"]
[PlyCount "63"]
[EventDate "2019.01.18"]
[EventRounds "5"]
[EventCountry "ENG"]

1. d4 c6 2. c4 d6 3. Nc3 Nd7 4. e4 h6 5. Be3 g5 6. Bd3 Bg7 7. Nge2 Nf8 8. Qd2
Nf6 9. f3 a6 10. Rc1 Ng6 11. O-O e5 12. Rfd1 Nh5 13. b4 Nh4 14. Kh1 Bh3 15. Rg1
Bxg2+ 16. Rxg2 Nxg2 17. Kxg2 Nf4+ 18. Kh1 Qf6 19. dxe5 dxe5 20. Nxf4 exf4 21.
Bc5 O-O-O 22. b5 Rd7 23. Na4 Kb8 24. Nb6 Rd4 25. bxa6 bxa6 26. Qb4 Kc7 27. Bxd4
Qxd4 28. Qe7+ Kb8 29. Rb1 Qxd3 30. Nd7+ Ka8 31. Nb6+ Kb8 32. Nd7+  1/2-1/2